Adalet Partisi (Record no. 8566)

MARC details
000 -BAŞLIK
Sabit Uzunlukta Kontrol Alanı 01050na a2200325 4500
001 - KONTROL NUMARASI
Denetim Alanı 16317
003 - KONTROL NUMARASI IDENTIFIER
Denetim Alanı MIRAKIL
005 - SON İŞLEM TARİHİ VE ZAMANI
Denetim Alanı 20181213155217.0
008 - SABİT-BOY VERİ ELEMANLARI - GENEL BİLGİLER
Sabit Uzunlukta Kontrol Alanı 161021b tu 000 0
020 ## - ULUSLARARASI STANDART KİTAP NUMARASI
Uluslararası Standart Kitap Numarası 975050223X
035 ## - SİSTEM KONTROL NUMARASI
Sistem Kontrol Numarası 16317
040 ## - KATALOGLAMA KAYNAK
Orijinal Kataloglama Ajansı Milas
Kataloglama Dili tur
Metne Dönüştürmek Ajansı TR-AnCHP
041 ## - DİL KODU
Metin / Ses Parça Veya Ayrı Başlığın Dil Kodu tur
082 ## - DEWEY ONLU SINIFLANDIRMA NUMARASI
Sınıflandırma Numarası 324.216
Baskı Numarası D35a 2004
090 ## - SINIFLAMA NUMARASI
Sınıflama Numarası 324.216 D35a 2004
100 ## - ANA GİRİŞ - KİŞİSEL İSİM
Kişisel Ad Demirel, Tanel
245 ## - BAŞLIK TABLOSU
Başlık Adalet Partisi
Başlığın Kalan İdeoloji ve politika
Sorumluluk Tablosu, Vb Tanel Demirel
246 ## - UNVAN FORM VARYING
Başlık Doğru / Kısa Başlığı İdeoloji ve politika
260 ## - YAYIN, DAĞITIM, VB
Yayın, Dağıtım, Vb Yeri İstanbul
Yayıncı, Dağıtıcı, Vs Adı İletişim Yayınları
Yayın, Dağıtım, Vb Tarihi 2004
300 ## - FİZİKSEL TANIM
Kapsam 376 s.
Boyutlar 19 sm.
440 ## - SERİSİ TABLOSU / KATMA GİRİŞİ - BAŞLIK
Başlık İletişim yayınları
Hacim / Ardışık Tanımı 992
490 ## - SERİSİ TABLOSU
Seri Beyanı Araştırma - İnceleme dizisi
Hacim / Ardışık Tanımı 162
504 ## - KAYNAKÇA VB NOT
Kaynakça Vb Notu Kaynakça var.
610 ## - KONU KATMA GİRİŞ - TOPLANTI ADI
Giriş Elemanı Olarak Kurumsal Ad Veya Yargı Alanı Adı Adalet Partisi (AP)
Genel Alt Bölüm İdeoloji
Kronolojik Alt Bölüm Tarih
650 ## - KONU KATMA GİRİŞ - TOPİKAL DÖNEM
Topikal Süreli Veya Coğrafi Ad Giriş Elemanı Liberal partiler
Genel Alt Bölümü Adalet Partisi (AP)
Kronolojik Alt Bölümü Siyasal ve sosyal görüşler
Coğrafi Alt Bölümü Türkiye
650 ## - KONU KATMA GİRİŞ - TOPİKAL DÖNEM
Topikal Süreli Veya Coğrafi Ad Giriş Elemanı Siyasal partiler
Genel Alt Bölümü İdeolojiler
Coğrafi Alt Bölümü Türkiye
650 ## - KONU KATMA GİRİŞ - TOPİKAL DÖNEM
Topikal Süreli Veya Coğrafi Ad Giriş Elemanı Adalet Partisi (AP)
Genel Alt Bölümü Siyaset ve yönetim
942 ## - EKLENDİ GİRİŞ ELEMANLARI (KOHA)
Sınıflandırma Veya Raf Düzeni Kaynak Dewey Decimal Classification
Koha Öğesi Türü Books
999 ## - SİSTEM KONTROL NUMARALARI (KOHA)
Koha Biblionumber 8566
Koha Biblioitemnumber 8566
657 ## - INDEX SÜRE - İŞLEVİ
-- Adalet Partisinin ideolojisi ve politikaları
Holdings
Kalıcı Konum Mevcut Konum Edinme Tarihi Edinim Kaynak Toplam Check-Out'Lar Tam Çağrı Numarası Barkod Tarih Son Görülme İtibaren Geçerli Fiyatlar Koha Öğesi Türü
CHP Kütüphanesi CHP Kütüphanesi 10/03/2016 Bağış   324.216 D35a 2004 004718 10/03/2016 10/03/2016 Books